LEADER 01207nam a2200301 u 4500 001 000000058063 003 CaOOAMICUS 005 20070226120642.0 008 010523s1997 it u000 u ita u 020 $a8827003363 035 $a10890152 040 $aPUL(R)$bita 100 1 $aRizzacasa, Aurelio,$d1940-$0(OLS)http://pul/name/9307 245 10$aLuoghi e metafore per una filosofia della religione /$cAurelio Rizzacasa. 260 $aAssisi :$bPorziuncola,$c1997. 300 $a221 p. ;$c21 cm 490 1 $aConvivium Assisiense - Studia ;$v3 500 $aContiene indice. 504 $aContiene indicazioni bibliografiche. 650 4$aTeologia filosofica.$0(OLS)http://pul/subject/7555 830 0$aStudia (Convivium Assisiense) ;$v3.$0(OLS)http://pul/title/77757 850 $aPUL 852 $aPUL$W1$xSL Religione 1$y3$m58 B 72$j75866$n $b $qStampati$B75866$CPULBib$Z2$F75866 $H $81 941 1 $a8 961 $aINV: 78332 996 $6020$a8827003363$9(OLS)http://pul/number/73507 996 $6245$aLuoghi e metafore per una filosofia della religione$9(OLS)http://pul/title/77756 996 $6260$aAssisi :$bPorziuncola$9(OLS)http://pul/publisher/50794 LEADER 01239nam a2200277 a 4500 001 000000172794 003 CaOOAMICUS 005 20191022112247.0 008 191022t2017 fr u000 u fre r 020 $z978-2-7295-9133-5* 032 $aLibriCat 040 $aPUL$bita 100 1 $aLacroix, Roland,$d1957-$0(OLS)http://pul/name/110979 245 13$aLe catéchuménat des adultes en France 1945-2005 :$bAnalyse historique, pastorale et théologique /$cRoland Lacroix. 260 $aParis :$bAtelier National de Reproduction des Thèses,$c2017. 300 $a499 p.;$c24 cm 504 $aBibliografia : p.450-491. 650 4$aCatecumeni.$0(OLS)http://pul/subject/16540 710 2 $aInstitut catholique de Paris.$kTesi.$0(OLS)http://pul/name/96284 850 $aPUL 852 $aPUL$W1$xDP1 Tesi Varie$y51$m2017 B 21$j190847$qTesi$B201528$CPULBib$Z2$F201528 $82 941 1 $a16 996 $6020$z978-2-7295-9133-5*$9(OLS)http://pul/number/166843 996 $6245$aLe catéchuménat des adultes en France 1945-2005 :$bAnalyse historique, pastorale et théologique$9(OLS)http://pul/title/213814 996 $6260$aParis :$bAtelier National de Reproduction des Thèses$9(OLS)http://pul/publisher/83873